Statistiques concernant 50 Capitales

Cliquez ici pour prendre le quiz!

Statistiques générales

  • Ce quiz a été pris 208 fois
  • Le résultat moyen est 32 sur 50

Statistiques - réponses

PaysCapitale% Correct
AllemagneBerlin
100%
ArgentineBuenos aires
91%
BelgiqueBruxelle
89%
BrésilBrasilia
86%
AutricheVienne
85%
GrèceAthènes
79%
EspagneMadrid
78%
ChinePekin
77%
HongrieBudapest
76%
RussieMoscou
76%
FranceParis
74%
JaponTokyo
74%
EgypteLe caire
72%
UkraineKiev
71%
ItalieRome
71%
DanemarkCopenhague
70%
SuisseBerne
69%
BiélorussieMinsk
69%
USAWashington
69%
TurquieAnkara
68%
IndeDelhi
68%
Afrique du SudLe cap
68%
PortugalLisbonne
68%
SuèdeStockholm
68%
IslandeReykjavik
67%
Royaume-UniLondre
66%
MexiqueMexico
66%
ColombieBogota
65%
IrlandeDublin
65%
IndonésieJakarta
65%
CubaLa havane
64%
CanadaOtawa
64%
Arabie Saouditeriyad
64%
Nouvelle-ZélandeWellington
63%
FinlandeHelsinki
61%
KenyaNairobi
61%
ChiliSantiago
60%
RDCKinshasa
57%
Corée du NordPyongyang
57%
NorvègeOslo
55%
Emirats arabes unisAbou dabi
51%
AustralieCambera
51%
PakistanIslamabad
51%
EthiopieAddis-abeba
48%
VietnamHannoï
48%
MaliBamako
47%
BangladeshDacca
46%
NigeriaAbuja
38%
ErythréeAsmara
18%
BurundiBujumbura
12%

Distribution des résultats

Percentile par nombre de réponses

% des personnes avec chaque résultat

Votre développement - résultats

Vous n’avez pas pris ce quiz